[Event "79th UKR-ch Women 2019"]
[Site "Lutsk"]
[Date "2019.12.13"]
[Round "4.3"]
[White "Doluhanova, Evgeniya"]
[Black "Martynkova, Olena"]
[Result "0-1"]
[WhiteElo "2293"]
[BlackElo "2243"]
[Annotator "NA"]
[PlyCount "88"]
[EventDate "2019.12.10"]
[EventType "tourn"]
[EventCountry "UKR"]
[SourceTitle "playchess.com"]
[Source "ChessBase"]
[SourceQuality "1"]
[TimeControl "40/5400+30:1800+30"]

1. e4 {[%emt 0:00:00]} e5 {[%emt 0:00:00]} 2. Nf3 {[%emt 0:00:00]} Nc6 {[%emt 0:00:10]} 3. Bc4 {[%emt 0:00:04]} Bc5 {[%emt 0:00:47]} 4. d3 {[%emt 0:00:15]} Nf6 {[%emt 0:01:51]} 5. h3 {[%emt 0:02:37]} h6 {[%emt 0:07:50]} 6. O-O {[%emt 0:01:05]} d6 {[%emt 0:06:24]} 7. c3 {[%emt 0:00:52]} Bb6 {[%emt 0:03:03]} 8. a4 {[%emt 0:01:48]} a6 {[%emt 0:04:57]} 9. Re1 {[%emt 0:01:45]} g5 {[%emt 0:15:55]} 10. Nh2 {[%emt 0:18:05]} g4 {[%emt 0:10:09]} 11. hxg4 {[%emt 0:03:00]} Rg8 {[%emt 0:01:17]} 12. Qf3 {[%emt 0:19:00]} Qe7 {[%emt 0:03:47]} 13. Be3 {[%emt 0:02:33]} Bxe3 {[%emt 0:07:03]} 14. Qxe3 {[%emt 0:06:21]} Nxg4 {[%emt 0:05:32]} 15. Nxg4 {[%emt 0:09:37]} Bxg4 {[%emt 0:00:55]} 16. b4 {[%emt 0:01:07]} Nd8 {[%emt 0:08:08]} 17. Nd2 {[%emt 0:05:07]} Ne6 {[%emt 0:02:38]} 18. Bxe6 {[%emt 0:04:07]} Bxe6 {[%emt 0:03:34]} 19. b5 {[%emt 0:03:37]} a5 {[%emt 0:05:32]} 20. d4 {[%emt 0:05:07]} Qg5 {[%emt 0:03:37]} 21. Qxg5 {[%emt 0:01:07]} hxg5 {[%emt 0:00:06]} 22. d5 {[%emt 0:02:17]} Bd7 {[%emt 0:00:43]} 23. b6 {[%emt 0:07:18]} Ke7 {[%emt 0:01:32]} 24. Reb1 {[%emt 0:00:57]} c6 {[%emt 0:02:38]} 25. c4 {[%emt 0:02:24]} c5 {[%emt 0:00:52]} 26. f3 {[%emt 0:00:31]} g4 {[%emt 0:00:58]} 27. Kf2 {[%emt 0:00:21]} Rh8 {[%emt 0:02:53]} 28. fxg4 {[%emt 0:02:19]} Bxg4 {[%emt 0:00:12]} 29. Ra3 {[%emt 0:00:24]} Bd7 {[%emt 0:00:24]} 30. Nf3 {[%emt 0:00:36]} Rag8 {[%emt 0:00:46]} 31. Nd2 {[%emt 0:00:23]} Rh2 {[%emt 0:00:29]} 32. Rg3 {[%emt 0:00:26]} Rxg3 {[%emt 0:00:33]} 33. Kxg3 {[%emt 0:00:03]} Rh8 {[%emt 0:00:07]} 34. Ra1 {[%emt 0:01:10]} Ra8 {[%emt 0:00:44]} 35. Nb3 {[%emt 0:00:04]} Ra6 {[%emt 0:00:15]} 36. Kf2 {[%emt 0:00:34]} Rxb6 {[%emt 0:01:01]} 37. Nxa5 {[%emt 0:00:04]} Ra6 {[%emt 0:00:36]} 38. Nxb7 {[%emt 0:01:12]} Ra7 {[%emt 0:00:29]} 39. Rb1 {[%emt 0:00:11]} Bc8 {[%emt 0:00:26]} 40. Nxd6 {[%emt 0:00:00]} Kxd6 {[%emt 0:00:00]} 41. Rb6+ {[%emt 0:00:15]} Ke7 {[%emt 0:01:03]} 42. Rc6 {[%emt 0:00:14]} Bd7 {[%emt 0:01:23]} 43. d6+ {[%emt 0:00:28]} Ke6 {[%emt 0:00:43]} 44. Rxc5 {[%emt 0:00:08]} Rxa4 {[%emt 0:01:02]} 0-1

[Event "79th UKR-ch Women 2019"]
[Site "Lutsk"]
[Date "2019.12.13"]
[Round "4.4"]
[White "Babiy, Olga"]
[Black "Berdnyk, Mariia"]
[Result "1-0"]
[WhiteElo "2258"]
[BlackElo "2319"]
[Annotator "NA"]
[PlyCount "73"]
[EventDate "2019.12.10"]
[EventType "tourn"]
[EventCountry "UKR"]
[SourceTitle "playchess.com"]
[Source "ChessBase"]
[SourceQuality "1"]
[TimeControl "40/5400+30:1800+30"]

1. e4 {[%emt 0:00:00]} g6 {[%emt 0:00:00]} 2. d4 {[%emt 0:00:00]} Bg7 {[%emt 0:00:00]} 3. Nc3 {[%emt 0:00:02]} d6 {[%emt 0:00:00]} 4. f4 {[%emt 0:00:21]} Nf6 {[%emt 0:00:00]} 5. Nf3 {[%emt 0:00:08]} c5 {[%emt 0:00:00]} 6. dxc5 {[%emt 0:02:54]} Qa5 {[%emt 0:00:00]} 7. Bd3 {[%emt 0:00:15]} Qxc5 {[%emt 0:00:06]} 8. Qe2 {[%emt 0:01:09]} O-O {[%emt 0:00:05]} 9. a3 {[%emt 0:04:57]} Nc6 {[%emt 0:05:31]} 10. Be3 {[%emt 0:05:37]} Qa5 {[%emt 0:00:10]} 11. O-O {[%emt 0:04:26]} Ng4 {[%emt 0:10:22]} 12. Bd2 {[%emt 0:07:13]} Nd4 {[%emt 0:02:32]} 13. Nxd4 {[%emt 0:05:43]} Bxd4+ {[%emt 0:00:05]} 14. Kh1 {[%emt 0:00:02]} Qh5 {[%emt 0:05:53]} 15. h3 {[%emt 0:02:31]} Nf6 {[%emt 0:05:38]} 16. Qxh5 {[%emt 0:03:29]} Nxh5 {[%emt 0:00:05]} 17. Kh2 {[%emt 0:00:10]} f5 {[%emt 0:06:04]} 18. Rae1 {[%emt 0:08:06]} fxe4 {[%emt 0:05:54]} 19. Rxe4 {[%emt 0:04:36]} e5 {[%emt 0:00:24]} 20. Bc4+ {[%emt 0:04:35]} Kg7 {[%emt 0:05:49]} 21. fxe5 {[%emt 0:13:32]} Rxf1 {[%emt 0:01:49]} 22. Rxd4 {[%emt 0:02:06]} dxe5 {[%emt 0:05:20]} 23. Rd8 {[%emt 0:00:08]} Be6 {[%emt 0:01:04]} 24. Rxa8 {[%emt 0:00:50]} Bxc4 {[%emt 0:00:07]} 25. Rxa7 {[%emt 0:02:00]} Rf7 {[%emt 0:01:06]} 26. Be3 {[%emt 0:02:31]} Nf6 {[%emt 0:04:43]} 27. Ra5 {[%emt 0:00:52]} Re7 {[%emt 0:07:52]} 28. Rc5 {[%emt 0:01:57]} Bf7 {[%emt 0:00:52]} 29. a4 {[%emt 0:02:27]} Be8 {[%emt 0:06:02]} 30. Bg5 {[%emt 0:05:50]} Bc6 {[%emt 0:03:14]} 31. b4 {[%emt 0:01:35]} Re8 {[%emt 0:04:47]} 32. Bxf6+ {[%emt 0:02:47]} Kxf6 {[%emt 0:00:01]} 33. b5 {[%emt 0:00:07]} Bd7 {[%emt 0:00:32]} 34. Ne4+ {[%emt 0:00:45]} Ke6 {[%emt 0:00:12]} 35. Rc7 {[%emt 0:01:33]} Bc8 {[%emt 0:01:28]} 36. c4 {[%emt 0:02:08]} Rf8 {[%emt 0:02:20]} 37. a5 {[%emt 0:01:14] Kd5} 1-0

[Event "79th UKR-ch Women 2019"]
[Site "Lutsk"]
[Date "2019.12.13"]
[Round "4.5"]
[White "Rakhmangulova, Anastasiya"]
[Black "Osmak, Iulija"]
[Result "0-1"]
[WhiteElo "2215"]
[BlackElo "2388"]
[Annotator "NA"]
[PlyCount "42"]
[EventDate "2019.12.10"]
[EventType "tourn"]
[EventCountry "UKR"]
[SourceTitle "playchess.com"]
[Source "ChessBase"]
[SourceQuality "1"]
[TimeControl "40/5400+30:1800+30"]

1. e4 {[%emt 0:00:00]} e5 {[%emt 0:00:00]} 2. Nf3 {[%emt 0:00:00]} Nc6 {[%emt 0:00:00]} 3. Bb5 {[%emt 0:00:00]} a6 {[%emt 0:00:00]} 4. Ba4 {[%emt 0:00:00]} Nf6 {[%emt 0:00:00]} 5. Nc3 {[%emt 0:00:00]} d6 {[%emt 0:06:29]} 6. Bxc6+ {[%emt 0:06:01]} bxc6 {[%emt 0:00:06]} 7. d4 {[%emt 0:00:03]} exd4 {[%emt 0:00:57]} 8. Qxd4 {[%emt 0:00:33]} c5 {[%emt 0:03:39]} 9. Qa4+ {[%emt 0:04:09]} Bd7 {[%emt 0:01:54]} 10. Qa5 {[%emt 0:00:29]} Be7 {[%emt 0:01:38]} 11. e5 {[%emt 0:06:30]} Ng4 {[%emt 0:04:41]} 12. h3 {[%emt 0:20:29]} Nxe5 {[%emt 0:01:33]} 13. Nxe5 {[%emt 0:00:04]} dxe5 {[%emt 0:00:09]} 14. Be3 {[%emt 0:00:24]} Bc6 {[%emt 0:09:03]} 15. O-O {[%emt 0:20:27]} Bd6 {[%emt 0:14:20]} 16. Rad1 {[%emt 0:04:10]} c4 {[%emt 0:14:51]} 17. Bc5 {[%emt 0:14:58]} O-O {[%emt 0:06:26]} 18. Qa3 {[%emt 0:00:42]} Qg5 {[%emt 0:01:56]} 19. Nd5 {[%emt 0:06:55]} Rfd8 {[%emt 0:04:17]} 20. h4 {[%emt 0:02:32]} Qxh4 {[%emt 0:03:36]} 21. Ne7+ {[%emt 0:01:06]} Qxe7 {[%emt 0:00:28]} 0-1

[Event "79th UKR-ch Women 2019"]
[Site "Lutsk"]
[Date "2019.12.14"]
[Round "5.1"]
[White "Osmak, Iulija"]
[Black "Tsirulnik, Maritsa"]
[Result "1-0"]
[WhiteElo "2388"]
[BlackElo "2119"]
[Annotator "NA"]
[PlyCount "81"]
[EventDate "2019.12.10"]
[EventType "tourn"]
[EventCountry "UKR"]
[SourceTitle "playchess.com"]
[Source "ChessBase"]
[SourceQuality "1"]
[TimeControl "40/5400+30:1800+30"]

1. d4 {[%emt 0:00:13]} d5 {[%emt 0:00:00]} 2. c4 {[%emt 0:00:06]} e6 {[%emt 0:00:00]} 3. Nc3 {[%emt 0:00:03]} a6 {[%emt 0:00:00]} 4. cxd5 {[%emt 0:00:12]} exd5 {[%emt 0:00:00]} 5. Nf3 {[%emt 0:00:03]} Be6 {[%emt 0:00:01]} 6. Ng5 {[%emt 0:01:28]} c5 {[%emt 0:00:34]} 7. Nxe6 {[%emt 0:13:38]} ({White should try} 7. e4 $16) 7... fxe6 {[%emt 0:00:06]} 8. g3 {[%emt 0:03:28]} Nf6 {[%emt 0:08:17]} 9. Bg2 {[%emt 0:02:46]} Nc6 {[%emt 0:03:48]} 10. dxc5 {[%emt 0:01:13]} Bxc5 {[%emt 0:00:05]} 11. O-O {[%emt 0:00:32]} O-O {[%emt 0:00:21]} 12. Bg5 {[%emt 0:08:11]} h6 {[%emt 0:06:37]} 13. Bd2 {[%emt 0:05:15]} Qd7 {[%emt 0:05:10]} 14. Rc1 $11 {[%emt 0:02:05]} Ba7 {[%emt 0:01:06]} 15. Na4 {[%emt 0:03:24]} Qe7 {[%emt 0:09:06]} 16. e3 {[%emt 0:04:34]} Rfd8 {[%emt 0:06:53]} 17. Qb3 {[%emt 0:05:05]} Ne5 {[%emt 0:06:19]} 18. Bb4 {[%emt 0:08:03]} Qf7 {[%emt 0:00:21]} 19. Qc3 {[%emt 0:10:40]} Nfd7 {[%emt 0:06:21]} 20. Qc2 {[%emt 0:06:02]} Nf3+ {[%emt 0:07:15]} 21. Kh1 {[%emt 0:05:15]} b5 {[%emt 0:06:30]} 22. Qd1 {[%emt 0:02:40]} Nde5 {[%emt 0:06:42]} 23. Nc5 {[%emt 0:01:02]} d4 {[%emt 0:06:29]} 24. e4 {[%emt 0:06:32]} Bb6 {[%emt 0:05:42]} 25. Nd3 {[%emt 0:02:51]} Nxd3 {[%emt 0:06:32]} 26. Qxd3 {[%emt 0:00:03]} Ne5 {[%emt 0:00:04]} 27. Qd1 {[%emt 0:00:09]} a5 {[%emt 0:01:01]} 28. Bc5 {[%emt 0:00:38]} Qa7 {[%emt 0:00:15]} 29. Qh5 {[%emt 0:03:14]} Nd3 {[%emt 0:01:08]} 30. Bxb6 {[%emt 0:00:07]} Qxb6 {[%emt 0:00:03]} 31. Rc2 {[%emt 0:01:06]} Rac8 {[%emt 0:01:05]} 32. Rd2 {[%emt 0:00:12]} Nb4 {[%emt 0:02:40]} 33. a3 {[%emt 0:02:14]} Rc5 {[%emt 0:00:24]} 34. e5 {[%emt 0:00:28]} Nc6 {[%emt 0:00:18]} 35. f4 {[%emt 0:00:09]} Ne7 {[%emt 0:00:52]} 36. Rfd1 {[%emt 0:01:33]} Rc7 {[%emt 0:02:45]} 37. Be4 {[%emt 0:00:21]} b4 {[%emt 0:01:19]} 38. Rxd4 {[%emt 0:01:02]} Rcc8 {[%emt 0:00:15]} 39. Rd6 {[%emt 0:01:26]} Rxd6 {[%emt 0:00:14]} 40. exd6 {[%emt 0:00:00]} Qe3 {[%emt 0:00:00]} 41. Qe5 {[%emt 0:01:56]} 1-0

[Event "79th UKR-ch Women 2019"]
[Site "Lutsk"]
[Date "2019.12.14"]
[Round "5.2"]
[White "Berdnyk, Mariia"]
[Black "Rakhmangulova, Anastasiya"]
[Result "1-0"]
[WhiteElo "2319"]
[BlackElo "2215"]
[Annotator "NA"]
[PlyCount "55"]
[EventDate "2019.12.10"]
[EventType "tourn"]
[EventCountry "UKR"]
[SourceTitle "playchess.com"]
[Source "ChessBase"]
[SourceQuality "1"]
[TimeControl "40/5400+30:1800+30"]

1. d4 {[%emt 0:00:00]} d5 {[%emt 0:00:00]} 2. c4 {[%emt 0:00:00]} c6 {[%emt 0:00:00]} 3. Nf3 {[%emt 0:00:00]} Nf6 {[%emt 0:00:00]} 4. Qc2 {[%emt 0:00:00]} dxc4 {[%emt 0:00:28]} 5. Qxc4 {[%emt 0:00:00]} Bf5 {[%emt 0:00:58]} 6. Bf4 {[%emt 0:00:01]} e6 {[%emt 0:04:24]} 7. g3 {[%emt 0:00:23]} Nbd7 {[%emt 0:22:22]} 8. Nc3 $11 {[%emt 0:02:23]} Nb6 {[%emt 0:01:41]} 9. Qb3 {[%emt 0:00:12]} a5 {[%emt 0:01:00]} 10. Bg2 {[%emt 0:14:08]} a4 {[%emt 0:01:18]} 11. Qd1 {[%emt 0:00:04]} Nc4 {[%emt 0:19:04]} 12. Nxa4 {[%emt 0:13:24]} Qa5+ {[%emt 0:02:37]} 13. Nc3 {[%emt 0:00:12]} Nxb2 {[%emt 0:10:35]} 14. Qb3 {[%emt 0:01:50]} Na4 {[%emt 0:01:25]} 15. Bd2 {[%emt 0:00:45]} Nxc3 {[%emt 0:00:51]} 16. Bxc3 {[%emt 0:02:07]} Qc7 {[%emt 0:04:40]} 17. Nd2 {[%emt 0:08:02]} Ra3 {[%emt 0:07:59]} 18. Qc4 {[%emt 0:00:57]} Nd5 {[%emt 0:08:24]} 19. Bb2 {[%emt 0:00:24]} Nb6 {[%emt 0:00:56]} 20. Qc1 {[%emt 0:00:54]} Ra6 {[%emt 0:03:00]} 21. e4 {[%emt 0:00:51]} Bg6 {[%emt 0:00:14]} 22. O-O {[%emt 0:00:28]} Na4 {[%emt 0:00:30]} 23. d5 {[%emt 0:02:48]} Nxb2 {[%emt 0:00:18]} 24. Qxb2 {[%emt 0:00:07]} e5 {[%emt 0:04:13]} 25. Nc4 {[%emt 0:04:26]} cxd5 {[%emt 0:01:38]} 26. exd5 {[%emt 0:01:35]} Qxc4 {[%emt 0:02:21]} 27. Rac1 {[%emt 0:01:27]} Qd4 {[%emt 0:01:44]} 28. Rc8+ {[%emt 0:00:22]} 1-0

[Event "79th UKR-ch Women 2019"]
[Site "Lutsk"]
[Date "2019.12.14"]
[Round "5.3"]
[White "Martynkova, Olena"]
[Black "Babiy, Olga"]
[Result "1-0"]
[WhiteElo "2243"]
[BlackElo "2258"]
[Annotator "NA"]
[PlyCount "83"]
[EventDate "2019.12.10"]
[EventType "tourn"]
[EventCountry "UKR"]
[SourceTitle "playchess.com"]
[Source "ChessBase"]
[SourceQuality "1"]
[TimeControl "40/5400+30:1800+30"]

1. d4 {[%emt 0:00:00]} d5 {[%emt 0:05:20]} 2. Nf3 {[%emt 0:01:13]} e6 {[%emt 0:00:11]} 3. c4 {[%emt 0:01:15]} a6 {[%emt 0:00:13]} 4. g3 {[%emt 0:04:17]} dxc4 {[%emt 0:00:39]} 5. Bg2 {[%emt 0:01:26]} Nc6 {[%emt 0:00:26]} 6. O-O {[%emt 0:03:04]} Rb8 {[%emt 0:00:43]} 7. e4 {[%emt 0:09:24]} Nf6 $11 {[%emt 0:01:07]} 8. Nc3 {[%emt 0:04:50]} Be7 {[%emt 0:02:47]} 9. Qe2 {[%emt 0:10:42]} b5 {[%emt 0:01:40]} 10. Rd1 {[%emt 0:10:01]} O-O {[%emt 0:00:40]} 11. Bf4 {[%emt 0:10:28]} Nb4 {[%emt 0:02:02]} 12. Ne1 {[%emt 0:04:53]} Re8 {[%emt 0:06:40]} 13. a3 {[%emt 0:02:38]} Nc6 {[%emt 0:02:07]} 14. d5 {[%emt 0:07:35]} exd5 {[%emt 0:01:26]} 15. e5 {[%emt 0:08:23]} Bd6 {[%emt 0:19:33]} 16. exd6 {[%emt 0:02:47]} Rxe2 {[%emt 0:09:45]} 17. dxc7 {[%emt 0:00:05]} Qe8 {[%emt 0:00:09]} 18. cxb8=Q {[%emt 0:00:39]} Nxb8 {[%emt 0:00:07]} 19. Nxe2 {[%emt 0:00:56]} Qxe2 {[%emt 0:01:23]} 20. Bxb8 {[%emt 0:00:16]} Qxb2 {[%emt 0:05:43]} 21. Ba7 {[%emt 0:04:35]} Qe5 {[%emt 0:05:21]} 22. Bd4 {[%emt 0:01:30]} Qf5 {[%emt 0:00:06]} 23. Bxf6 {[%emt 0:00:50]} Qxf6 {[%emt 0:00:06]} 24. Bxd5 {[%emt 0:00:56]} h5 {[%emt 0:00:11]} 25. Ng2 {[%emt 0:03:52]} Bf5 {[%emt 0:05:23]} 26. Ne3 {[%emt 0:05:00]} Bd3 {[%emt 0:00:16]} 27. a4 {[%emt 0:00:16]} h4 {[%emt 0:02:27]} 28. axb5 {[%emt 0:00:27]} axb5 {[%emt 0:00:03]} 29. Ra7 {[%emt 0:00:28]} Bg6 {[%emt 0:00:06]} 30. Rb7 {[%emt 0:01:12]} Qa6 {[%emt 0:01:52]} 31. Bxf7+ {[%emt 0:01:00]} Bxf7 {[%emt 0:00:12]} 32. Rd8+ {[%emt 0:00:04]} Kh7 {[%emt 0:00:37]} 33. Rxf7 {[%emt 0:00:05]} h3 {[%emt 0:00:26]} 34. Rdd7 {[%emt 0:01:18]} Qa1+ {[%emt 0:00:18]} 35. Rd1 {[%emt 0:00:31]} Qe5 {[%emt 0:03:36]} 36. Rf5 {[%emt 0:00:25]} Qe8 {[%emt 0:00:07]} 37. Rb1 {[%emt 0:00:30]} b4 {[%emt 0:01:04]} 38. Rxb4 {[%emt 0:00:31]} c3 {[%emt 0:00:32]} 39. Rc5 {[%emt 0:00:33]} Qa8 {[%emt 0:00:13]} 40. Rh4+ {[%emt 0:00:00]} Kg6 {[%emt 0:00:00]} 41. Rxh3 {[%emt 0:02:22]} Qa1+ {[%emt 0:01:26]} 42. Nf1 {[%emt 0:00:32]} 1-0

[Event "79th UKR-ch Women 2019"]
[Site "Lutsk"]
[Date "2019.12.14"]
[Round "5.4"]
[White "Hrebenshchykova, Yelyzaveta"]
[Black "Doluhanova, Evgeniya"]
[Result "1/2-1/2"]
[WhiteElo "2029"]
[BlackElo "2293"]
[Annotator "NA"]
[PlyCount "97"]
[EventDate "2019.12.10"]
[EventType "tourn"]
[EventCountry "UKR"]
[SourceTitle "playchess.com"]
[Source "ChessBase"]
[SourceQuality "1"]
[TimeControl "40/5400+30:1800+30"]

1. e4 {[%emt 0:00:00]} e5 {[%emt 0:00:00]} 2. Nf3 {[%emt 0:00:00]} Nc6 {[%emt 0:00:00]} 3. Bb5 {[%emt 0:00:00]} Nf6 {[%emt 0:00:00]} 4. O-O {[%emt 0:00:00]} Nxe4 {[%emt 0:00:11]} 5. d4 {[%emt 0:00:06]} Nd6 {[%emt 0:00:33]} 6. dxe5 {[%emt 0:01:53]} Nxb5 {[%emt 0:00:16]} 7. a4 {[%emt 0:00:04]} Nbd4 {[%emt 0:00:13]} 8. Nxd4 {[%emt 0:01:07]} d5 {[%emt 0:00:58]} 9. c3 {[%emt 0:41:19]} Be7 {[%emt 0:05:10]} 10. f4 {[%emt 0:03:29]} f6 {[%emt 0:01:39]} 11. exf6 {[%emt 0:03:20]} Bxf6 {[%emt 0:01:52]} 12. Nxc6 {[%emt 0:03:20]} bxc6 $14 {[%emt 0:00:11]} 13. Re1+ {[%emt 0:00:12]} Kf7 {[%emt 0:01:01]} 14. Be3 {[%emt 0:03:38]} Re8 {[%emt 0:02:13]} 15. Na3 {[%emt 0:04:40]} Bf5 {[%emt 0:05:36]} 16. Nc2 {[%emt 0:04:38]} Qd7 {[%emt 0:02:18]} 17. a5 {[%emt 0:04:42]} Rab8 {[%emt 0:04:43]} 18. Qc1 {[%emt 0:10:58]} a6 {[%emt 0:08:06]} 19. Nd4 {[%emt 0:05:06]} Be4 {[%emt 0:15:03]} 20. b4 {[%emt 0:00:33]} Bh4 {[%emt 0:06:23]} 21. Rf1 {[%emt 0:02:23]} Re7 {[%emt 0:10:23]} 22. f5 {[%emt 0:01:32]} Bd3 {[%emt 0:04:47]} 23. Rf3 {[%emt 0:00:54]} Kg8 {[%emt 0:05:58]} 24. Qd2 {[%emt 0:00:53]} Be4 {[%emt 0:01:11]} 25. Rff1 {[%emt 0:00:50]} Rf7 {[%emt 0:05:12]} 26. Bg5 {[%emt 0:02:25]} Bxg5 {[%emt 0:03:27]} 27. Qxg5 {[%emt 0:00:04]} c5 {[%emt 0:02:17]} 28. bxc5 {[%emt 0:02:17]} Rb2 {[%emt 0:00:18]} 29. Rf2 {[%emt 0:00:03]} Rxf2 {[%emt 0:01:01]} 30. Kxf2 {[%emt 0:00:02]} Bxf5 {[%emt 0:00:52]} 31. Kg1 {[%emt 0:00:09]} h6 {[%emt 0:02:48]} 32. Qg3 {[%emt 0:01:01]} Qe7 {[%emt 0:02:31]} 33. c6 {[%emt 0:00:29]} Be4 {[%emt 0:02:54]} 34. Rf1 {[%emt 0:01:21]} Rxf1+ {[%emt 0:01:30]} 35. Kxf1 {[%emt 0:00:02]} Qa3 {[%emt 0:01:07]} 36. Qxc7 {[%emt 0:02:26]} Qxc3 {[%emt 0:01:38]} 37. Ne2 {[%emt 0:00:44]} Qf6+ {[%emt 0:01:33]} 38. Ke1 {[%emt 0:01:09]} Qa1+ {[%emt 0:02:07]} 39. Kf2 {[%emt 0:00:17]} Qf6+ {[%emt 0:00:13]} 40. Ke1 {[%emt 0:00:00]} Qa1+ {[%emt 0:00:00]} 41. Kf2 {[%emt 0:11:08]} Qf6+ {[%emt 0:01:35]} 42. Ke3 {[%emt 0:00:57]} Bxg2 {[%emt 0:05:30]} 43. Qb8+ {[%emt 0:01:38]} Kh7 {[%emt 0:00:51]} 44. c7 {[%emt 0:00:11]} d4+ {[%emt 0:05:14]} 45. Nxd4 {[%emt 0:10:50]} Qe5+ {[%emt 0:01:09]} 46. Kf2 {[%emt 0:00:43]} Qxd4+ {[%emt 0:15:22]} 47. Kxg2 {[%emt 0:00:04]} Qd2+ {[%emt 0:00:04]} 48. Kf3 {[%emt 0:00:18]} Qd3+ {[%emt 0:00:08]} 49. Kf2 {[%emt 0:00:13]} 1/2-1/2

[Event "79th UKR-ch Women 2019"]
[Site "Lutsk"]
[Date "2019.12.14"]
[Round "5.5"]
[White "Dolzhykova, Kateryna"]
[Black "Zhukova, Natalia"]
[Result "1/2-1/2"]
[WhiteElo "2164"]
[BlackElo "2324"]
[Annotator "NA"]
[PlyCount "46"]
[EventDate "2019.12.10"]
[EventType "tourn"]
[EventCountry "UKR"]
[SourceTitle "playchess.com"]
[Source "ChessBase"]
[SourceQuality "1"]
[TimeControl "40/5400+30:1800+30"]

1. e4 {[%emt 0:00:00]} e5 {[%emt 0:00:00]} 2. Nf3 {[%emt 0:00:00]} Nc6 {[%emt 0:00:00]} 3. Bb5 {[%emt 0:00:00]} a6 {[%emt 0:00:00]} 4. Bxc6 {[%emt 0:00:02]} dxc6 {[%emt 0:00:13]} 5. O-O {[%emt 0:00:19]} Bd6 {[%emt 0:01:01]} 6. d4 {[%emt 0:00:53]} exd4 {[%emt 0:00:11]} 7. Qxd4 {[%emt 0:01:20]} f6 {[%emt 0:00:20]} 8. Be3 {[%emt 0:02:52]} Ne7 {[%emt 0:02:38]} 9. Nbd2 {[%emt 0:03:01]} Be6 {[%emt 0:00:34]} 10. Rad1 {[%emt 0:01:18]} Ng6 {[%emt 0:37:07]} 11. Nc4 $11 {[%emt 0:09:12]} Bxc4 {[%emt 0:05:49]} 12. Qxc4 {[%emt 0:00:07]} Qe7 {[%emt 0:00:22]} 13. b4 {[%emt 0:09:35]} O-O-O {[%emt 0:03:34]} 14. Bc5 {[%emt 0:10:05]} Rhe8 {[%emt 0:09:06]} 15. Rfe1 {[%emt 0:05:59]} Ne5 {[%emt 0:14:29]} 16. Nxe5 {[%emt 0:01:59]} Qxe5 {[%emt 0:00:07]} 17. Bxd6 {[%emt 0:01:46]} Rxd6 {[%emt 0:00:30]} 18. Rxd6 {[%emt 0:02:06]} Qxd6 {[%emt 0:02:00]} 19. Qf7 {[%emt 0:06:54]} Qe7 {[%emt 0:01:55]} 20. Qxe7 {[%emt 0:01:35]} Rxe7 {[%emt 0:00:03]} 21. f4 {[%emt 0:00:40]} c5 {[%emt 0:00:14]} 22. bxc5 {[%emt 0:01:21]} Kd7 {[%emt 0:00:09]} 23. Kf2 {[%emt 0:01:06]} Kc6 {[%emt 0:00:05]} 1/2-1/2

[Event "79th UKR-ch Women 2019"]
[Site "Lutsk"]
[Date "2019.12.16"]
[Round "6"]
[White "Osmak, Iulija"]
[Black "Berdnyk, Mariia"]
[Result "1-0"]
[WhiteElo "2388"]
[BlackElo "2319"]
[Annotator "NA"]
[PlyCount "109"]
[EventDate "2019.??.??"]
[EventCountry "UKR"]
[SourceTitle "playchess.com"]
[Source "ChessBase"]
[SourceQuality "1"]
[TimeControl "40/5400+30:1800+30"]

1. d4 Nf6 2. c4 g6 3. Nc3 Bg7 4. e4 d6 5. h3 O-O 6. Be3 c5 7. Nf3 cxd4 8. Nxd4 Nc6 9. Be2 Nxd4 10. Bxd4 Bd7 11. O-O a6 12. a4 Bc6 13. a5 Qd7 14. Nd5 Bxd5 15. exd5 e5 16. dxe6 fxe6 17. Bf3 Rae8 18. Qb3 e5 19. Be3 e4 20. Be2 Kh8 21. Rad1 Re6 22. Rd2 Qe7 23. Rfd1 h6 24. Qa3 Ne8 25. c5 Be5 26. Bc4 Ref6 27. Bxh6 Rxf2 28. Rxf2 Rxf2 29. Kxf2 Qh4+ 30. Kg1 Qxh6 31. Bf1 e3 32. Qa4 Qf8 33. Qh4+ Kg7 34. Be2 Nf6 35. Qg5 Qe7 36. Bd3 Qe8 37. cxd6 Bxd6 38. Bxg6 Qe5 39. Qxe5 Bxe5 40. Bd3 Nh5 41. Bc4 Ng3 42. Rd7+ Kg6 43. Rxb7 Bd4 44. Kh2 e2 45. Bxe2 Nxe2 46. b4 Be5+ 47. g3 Nxg3 48. Rb6+ Kf5 49. Rxa6 Kf4 50. Kg2 Nf5 51. b5 Ne3+ 52. Kf2 Nd1+ 53. Ke1 Nc3 54. b6 Ke3 55. b7 1-0

[Event "79th UKR-ch Women 2019"]
[Site "Lutsk"]
[Date "2019.12.16"]
[Round "6"]
[White "Doluhanova, Evgeniya"]
[Black "Dolzhykova, Kateryna"]
[Result "0-1"]
[WhiteElo "2293"]
[BlackElo "2164"]
[Annotator "NA"]
[PlyCount "68"]
[EventDate "2019.??.??"]
[EventCountry "UKR"]
[SourceTitle "playchess.com"]
[Source "ChessBase"]
[SourceQuality "1"]
[TimeControl "40/5400+30:1800+30"]

1. Nf3 d5 2. b3 c6 3. Bb2 e6 4. d3 f5 5. Nbd2 Nf6 6. e4 dxe4 (6... Be7 $11 {remains equal.}) 7. dxe4 $16 fxe4 8. Ne5 Bb4 9. c3 Bc5 10. Qe2 Qc7 11. Ng4 Nxg4 12. Qxg4 e3 13. fxe3 O-O 14. O-O-O Bxe3 15. Bc4 Na6 16. Rhf1 Rxf1 17. Rxf1 Qd6 18. Qf3 Bxd2+ 19. Kc2 Bd7 20. Rd1 Rf8 21. Qe2 Qxh2 22. Rxd2 Be8 23. Qxe6+ Kh8 24. Ba3 Bg6+ 25. Kb2 Qf4 26. Rd1 Re8 27. Be7 b5 28. Be2 Nc7 29. Qd7 Qe4 30. Bd3 Qxe7 31. Bxg6 hxg6 32. Qh3+ Kg8 33. Rh1 Qe2+ 34. Ka1 Qh5 0-1

[Event "79th UKR-ch Women 2019"]
[Site "Lutsk"]
[Date "2019.12.16"]
[Round "6"]
[White "Babiy, Olga"]
[Black "Hrebenshchykova, Yelyzaveta"]
[Result "0-1"]
[WhiteElo "2258"]
[BlackElo "2029"]
[Annotator "NA"]
[PlyCount "90"]
[EventDate "2019.??.??"]
[EventCountry "UKR"]
[SourceTitle "playchess.com"]
[Source "ChessBase"]
[SourceQuality "1"]
[TimeControl "40/5400+30:1800+30"]

1. e4 c5 2. Nf3 e6 3. d4 cxd4 4. Nxd4 Nc6 5. Nc3 d6 6. g4 h6 7. Bb5 Bd7 8. Be3 a6 9. Bxc6 bxc6 10. Qe2 a5 11. a4 e5 12. Nb3 Be7 13. O-O-O Qc8 14. h3 Be6 15. Nd2 Qb7 16. f4 Rb8 17. b3 Qb4 18. Ndb1 Nf6 19. f5 Bc8 20. Bd2 Qb6 21. h4 Ba6 22. Qf3 Nd7 23. Be3 Nc5 24. Qf2 Qb4 25. Bxc5 dxc5 26. Na2 Qb7 27. Rh3 c4 28. Qd2 Qc7 29. Qc3 cxb3 30. cxb3 O-O 31. g5 hxg5 32. hxg5 Bxg5+ 33. Kb2 Qb6 34. Na3 Qf2+ 35. Ka1 Rfd8 36. Rdh1 f6 37. Rh8+ Kf7 38. Qxc6 Qd4+ 39. Nc3 Rb6 40. Qc7+ Rd7 41. Nc2 Rxc7 42. Nxd4 Rxc3 43. Rd8 Bh6 44. Ne6 Rcxb3 45. Ka2 Bc4 0-1